[Event "TICF 2024"]
[Site "Famalicao"]
[Date "2024.07.25"]
[Round "4.1"]
[White "Vladimir, Petkov"]
[Black "Fier, Alexandr"]
[Result "1-0"]
[BlackElo "2587"]
[WhiteElo "2417"]
[LiveChessVersion "1.4.8"]

1. d4 {[%clk 1:29:03]} Nf6 {[%clk 1:30:56]} 2. c4 {[%clk 1:28:50]} e6
{[%clk 1:31:21]} 3. Nc3 {[%clk 1:29:03]} Bb4 {[%clk 1:31:44]} 4. Nf3
{[%clk 1:29:15]} b6 {[%clk 1:32:10]} 5. Qb3 {[%clk 1:29:09]} c5 {[%clk 1:32:36]}
6. Bg5 {[%clk 1:29:23]} Bb7 {[%clk 1:32:37]} 7. e3 {[%clk 1:28:52]} h6
{[%clk 1:33:02]} 8. Bh4 {[%clk 1:29:14]} g5 {[%clk 1:33:26]} 9. Bg3
{[%clk 1:29:36]} Ne4 {[%clk 1:33:53]} 10. Bd3 {[%clk 1:28:28]} Bxc3+
{[%clk 1:34:05]} 11. bxc3 {[%clk 1:28:51]} Nxg3 {[%clk 1:34:32]} 12. hxg3
{[%clk 1:28:24]} Nc6 {[%clk 1:34:57]} 13. Qd1 {[%clk 1:23:50]} Na5
{[%clk 1:21:11]} 14. e4 {[%clk 1:18:48]} d6 {[%clk 1:21:33]} 15. Qe2
{[%clk 1:17:38]} Qf6 {[%clk 1:19:33]} 16. Qe3 {[%clk 1:15:51]} e5
{[%clk 1:17:50]} 17. d5 {[%clk 1:13:41]} Bc8 {[%clk 1:16:04]} 18. Nd2
{[%clk 1:12:33]} Bd7 {[%clk 1:16:27]} 19. Be2 {[%clk 1:12:14]} Ke7
{[%clk 1:16:23]} 20. Bh5 {[%clk 1:07:42]} b5 {[%clk 1:14:23]} 21. cxb5
{[%clk 1:07:20]} Bxb5 {[%clk 1:14:47]} 22. Be2 {[%clk 1:07:34]} Rab8
{[%clk 1:14:45]} 23. c4 {[%clk 1:04:49]} Ba4 {[%clk 1:12:02]} 24. Qc3
{[%clk 0:59:39]} Nb7 {[%clk 1:12:28]} 25. Qa3 {[%clk 0:59:31]} Bd7
{[%clk 1:12:53]} 26. Rb1 {[%clk 0:59:42]} a5 {[%clk 1:11:54]} 27. Bd1
{[%clk 0:58:23]} Rhc8 {[%clk 1:09:02]} 28. Ba4 {[%clk 0:56:33]} Bxa4
{[%clk 1:08:39]} 29. Qxa4 {[%clk 0:56:52]} Nd8 {[%clk 1:09:06]} 30. Ke2
{[%clk 0:56:17]} Qg6 {[%clk 1:08:47]} 31. g4 {[%clk 0:54:50]} Rxb1
{[%clk 1:09:03]} 32. Rxb1 {[%clk 0:55:02]} h5 {[%clk 1:09:30]} 33. Qxa5
{[%clk 0:54:04]} hxg4 {[%clk 1:09:37]} 34. Qa7+ {[%clk 0:54:06]} Ke8
{[%clk 1:10:02]} 35. Rh1 {[%clk 0:53:38]} Qf6 {[%clk 1:03:01]} 36. Nf1
{[%clk 0:53:20]} Kf8 {[%clk 1:03:28]} 37. Ng3 {[%clk 0:53:23]} Ne6
{[%clk 1:03:48]} 38. dxe6 {[%clk 0:53:21]} Qxe6 {[%clk 1:04:14]} 39. Qa6
{[%clk 0:51:23]} 1-0

[Event "TICF 2024"]
[Site "Famalicao"]
[Date "2024.07.25"]
[Round "4.2"]
[White "Alex, Garrido Outon"]
[Black "Kevin, Spraggett"]
[Result "1/2-1/2"]
[BlackElo "2440"]
[WhiteElo "2403"]
[LiveChessVersion "1.4.8"]

1. e4 {[%clk 1:30:56]} c6 {[%clk 1:30:36]} 2. d4 {[%clk 1:31:09]} d5
{[%clk 1:31:00]} 3. e5 {[%clk 1:31:32]} c5 {[%clk 1:31:00]} 4. c3
{[%clk 1:31:40]} Nc6 {[%clk 1:31:19]} 5. Be2 {[%clk 1:32:02]} Bf5
{[%clk 1:31:18]} 6. Nf3 {[%clk 1:32:23]} e6 {[%clk 1:31:37]} 7. O-O
{[%clk 1:32:43]} cxd4 {[%clk 1:29:17]} 8. Nxd4 {[%clk 1:32:31]} Nge7
{[%clk 1:29:37]} 9. Nxf5 {[%clk 1:32:48]} Nxf5 {[%clk 1:29:59]} 10. Bd3
{[%clk 1:33:09]} g6 {[%clk 1:29:22]} 11. Qe2 {[%clk 1:33:25]} Bg7
{[%clk 1:23:15]} 12. f4 {[%clk 1:33:45]} h5 {[%clk 1:19:55]} 13. Bxf5
{[%clk 1:22:28]} exf5 {[%clk 1:16:34]} 14. Rd1 {[%clk 1:19:55]} Qd7
{[%clk 1:13:58]} 15. Be3 {[%clk 1:18:51]} O-O {[%clk 1:12:33]} 16. Na3
{[%clk 1:14:17]} f6 {[%clk 1:11:14]} 17. exf6 {[%clk 1:12:08]} Bxf6
{[%clk 1:10:37]} 18. Rd3 {[%clk 1:10:40]} Rfe8 {[%clk 1:06:18]} 19. Rad1
{[%clk 0:57:22]} d4 {[%clk 0:57:52]} 20. cxd4 {[%clk 0:48:41]} Nb4
{[%clk 0:57:05]} 21. Rb3 {[%clk 0:45:09]} Nd5 {[%clk 0:55:24]} 22. Nc4
{[%clk 0:44:32]} Re4 {[%clk 0:22:42]} 23. Ne5 {[%clk 0:41:19]} Qe6
{[%clk 0:21:46]} 24. Qf2 {[%clk 0:32:46]} b6 {[%clk 0:16:28]} 25. Bc1
{[%clk 0:27:53]} Kh7 {[%clk 0:14:44]} 26. Re1 {[%clk 0:25:15]} Rxe1+
{[%clk 0:13:40]} 27. Qxe1 {[%clk 0:25:42]} Rc8 {[%clk 0:14:03]} 28. Qd1
{[%clk 0:23:21]} Rc7 {[%clk 0:11:50]} 29. Rg3 {[%clk 0:20:30]} Rg7
{[%clk 0:11:23]} 30. Qb3 {[%clk 0:20:24]} Qd6 {[%clk 0:10:38]} 31. Rd3
{[%clk 0:19:00]} a5 {[%clk 0:10:14]} 32. Rd1 {[%clk 0:18:55]} Rc7
{[%clk 0:09:53]} 33. Bd2 {[%clk 0:18:06]} Bg7 {[%clk 0:08:21]} 34. Rc1
{[%clk 0:15:27]} Rxc1+ {[%clk 0:08:29]} 35. Bxc1 {[%clk 0:15:56]} Nxf4
{[%clk 0:05:18]} 36. Be3 {[%clk 0:12:46]} Qd5 {[%clk 0:02:17]} 37. Bxf4
{[%clk 0:10:05]} 1/2-1/2

[Event "TICF 2024"]
[Site "Famalicao"]
[Date "2024.07.25"]
[Round "4.3"]
[White "Vladislav, Larkin"]
[Black "Yaniela, Forgas Moreno"]
[Result "1-0"]
[BlackElo "2234"]
[WhiteElo "2436"]
[LiveChessVersion "1.4.8"]

1. e4 c5 2. Nf3 d6 3. Bb5+ Nd7 4. Ba4 Ngf6 5. O-O e6 6. Re1 Be7 7. c3 a6 8. d4 b5
9. Bc2 Bb7 10. e5 dxe5 11. dxe5 Nd5 12. Nbd2 Qc7 13. Ne4 h6 14. a4 g5 15. h3 Rg8
16. axb5 axb5 17. Rxa8+ Bxa8 18. Ng3 Nf8 19. Be4 Bc6 20. Nh2 Nf4 21. Ng4 N8g6 22.
Bxf4 Nxf4 23. Nxh6 Rh8 24. Ng4 Kf8 25. Qf3 Bxe4 26. Nxe4 c4 27. Ngf6 Nd3 28. Nxg5
Qa7 29. Nfh7+ Rxh7 30. Nxh7+ Kg7 31. Nf6 1-0

[Event "TICF 2024"]
[Site "Famalicao"]
[Date "2024.07.25"]
[Round "4.4"]
[White "Macias Sanchez, Homero"]
[Black "Andre, Ventura Sousa"]
[Result "0-1"]
[BlackElo "2431"]
[WhiteElo "1978"]
[LiveChessVersion "1.4.8"]

1. e4 {[%clk 1:30:51]} e5 {[%clk 1:30:57]} 2. Nf3 {[%clk 1:31:13]} Nc6
{[%clk 1:31:24]} 3. Bb5 {[%clk 1:31:13]} a6 {[%clk 1:31:50]} 4. Ba4
{[%clk 1:31:36]} Nf6 {[%clk 1:32:13]} 5. O-O {[%clk 1:31:49]} d6 {[%clk 1:32:33]}
6. c3 {[%clk 1:31:04]} Bd7 {[%clk 1:32:49]} 7. Re1 {[%clk 1:31:01]} g6
{[%clk 1:33:14]} 8. d4 {[%clk 1:31:15]} Bg7 {[%clk 1:33:25]} 9. Bg5
{[%clk 1:30:31]} h6 {[%clk 1:33:19]} 10. Bc1 {[%clk 1:30:50]} O-O
{[%clk 1:33:26]} 11. d5 {[%clk 1:31:10]} Ne7 {[%clk 1:33:45]} 12. Bxd7
{[%clk 1:31:31]} Nxd7 {[%clk 1:33:41]} 13. c4 {[%clk 1:31:11]} f5
{[%clk 1:33:58]} 14. Nc3 {[%clk 1:30:52]} Nf6 {[%clk 1:34:08]} 15. Nh4
{[%clk 1:28:06]} b5 {[%clk 1:27:52]} 16. exf5 {[%clk 1:28:06]} gxf5
{[%clk 1:25:21]} 17. Qd3 {[%clk 1:21:48]} e4 {[%clk 1:16:29]} 18. Qh3
{[%clk 1:21:45]} Qd7 {[%clk 1:13:06]} 19. f3 {[%clk 1:21:52]} exf3
{[%clk 1:08:00]} 20. Nxf3 {[%clk 1:22:08]} Ng4 {[%clk 1:04:56]} 21. Re6
{[%clk 1:20:46]} bxc4 {[%clk 0:58:31]} 22. Bxh6 {[%clk 1:21:01]} Nxh6
{[%clk 0:57:50]} 23. Rxh6 {[%clk 1:21:19]} Bxh6 {[%clk 0:56:00]} 24. Qxh6
{[%clk 1:21:46]} Rf7 {[%clk 0:53:46]} 25. Ng5 {[%clk 1:22:11]} Rg7
{[%clk 0:53:44]} 26. Re1 {[%clk 1:22:11]} Ng6 {[%clk 0:44:05]} 27. Ne6
{[%clk 1:17:07]} Ne5 {[%clk 0:34:37]} 28. Rf1 {[%clk 1:10:46]} Rg6
{[%clk 0:20:45]} 29. Qh5 {[%clk 1:09:40]} Qf7 {[%clk 0:19:52]} 30. Rxf5
{[%clk 1:07:29]} Qh7 {[%clk 0:19:08]} 31. Qxh7+ {[%clk 1:06:52]} Kxh7
{[%clk 0:19:35]} 32. Nf8+ {[%clk 1:07:11]} Kg7 {[%clk 0:19:46]} 33. Nxg6
{[%clk 1:06:32]} Kxg6 {[%clk 0:20:12]} 34. Rf4 {[%clk 1:05:43]} Rb8
{[%clk 0:20:33]} 35. Nd1 {[%clk 1:04:49]} Rb4 {[%clk 0:18:00]} 36. Rd4
{[%clk 1:03:31]} a5 {[%clk 0:14:25]} 37. Kf1 {[%clk 1:03:04]} a4 {[%clk 0:14:04]}
38. a3 {[%clk 1:03:06]} Rb3 {[%clk 0:13:31]} 39. Ke2 {[%clk 1:03:12]} Kf6
{[%clk 0:12:33]} 40. Kd2 {[%clk 1:03:12]} c3+ {[%clk 0:10:05]} 41. bxc3
{[%clk 1:02:43]} Rxa3 {[%clk 0:10:31]} 42. Kc1 {[%clk 1:02:04]} Ra2
{[%clk 0:10:03]} 43. Rd2 {[%clk 1:01:07]} Rxd2 {[%clk 0:09:44]} 44. Kxd2
{[%clk 1:01:35]} Nc4+ {[%clk 0:09:27]} 45. Kc2 {[%clk 1:01:57]} Ke5
{[%clk 0:09:40]} 46. h4 {[%clk 0:59:32]} Kxd5 {[%clk 0:08:27]} 47. g4
{[%clk 0:59:59]} Ke5 {[%clk 0:07:32]} 48. g5 {[%clk 0:57:43]} Kf5
{[%clk 0:07:56]} 49. Kb1 {[%clk 0:58:05]} Kg6 {[%clk 0:06:58]} 50. Ka2
{[%clk 0:58:15]} Kh5 {[%clk 0:07:25]} 51. Nf2 {[%clk 0:57:45]} Ne5
{[%clk 0:07:18]} 52. Ne4 {[%clk 0:55:05]} Kxh4 {[%clk 0:07:22]} 53. Nf6
{[%clk 0:55:34]} Kxg5 {[%clk 0:07:08]} 54. Ne8 {[%clk 0:56:02]} Nc4
{[%clk 0:07:00]} 55. Nxc7 {[%clk 0:56:28]} Kf5 {[%clk 0:07:24]} 56. Nb5
{[%clk 0:55:42]} Ke5 {[%clk 0:07:38]} 57. Nc7 {[%clk 0:55:12]} Ke4
{[%clk 0:07:51]} 58. Nb5 {[%clk 0:55:30]} Kd5 {[%clk 0:08:03]} 59. Nd4
{[%clk 0:55:01]} Kc5 {[%clk 0:07:59]} 60. Nf5 {[%clk 0:55:16]} d5
{[%clk 0:07:46]} 61. Ka1 {[%clk 0:54:49]} Nd6 {[%clk 0:07:04]} 62. Ne3
{[%clk 0:55:06]} Nb5 {[%clk 0:07:28]} 63. Kb2 {[%clk 0:55:26]} Nxc3
{[%clk 0:07:48]} 64. Nc2 {[%clk 0:54:52]} Nb5 {[%clk 0:08:00]} 65. Ne3
{[%clk 0:55:16]} Nd6 {[%clk 0:06:50]} 66. Nc2 {[%clk 0:55:31]} Nb5
{[%clk 0:07:09]} 67. Ne3 {[%clk 0:55:39]} d4 {[%clk 0:07:14]} 68. Nd1
{[%clk 0:55:52]} Kc4 {[%clk 0:06:47]} 69. Ka2 {[%clk 0:56:12]} Nc3+ 0-1

[Event "TICF 2024"]
[Site "Famalicao"]
[Date "2024.07.25"]
[Round "4.5"]
[White "Lelys, Martinez Duany"]
[Black "Ferreira, Vasco"]
[Result "1/2-1/2"]
[BlackElo "1808"]
[WhiteElo "2448"]
[LiveChessVersion "1.4.8"]

1. Nf3 d5 2. d4 Nf6 3. c4 e6 4. Nc3 Be7 5. Bg5 c6 6. e3 O-O 7. Qc2 h6 8. Bxf6
Bxf6 9. Rd1 b6 10. Be2 Bb7 11. O-O Nd7 12. e4 dxe4 13. Nxe4 c5 14. Nd6 Qb8 15.
Nxb7 Qxb7 16. d5 exd5 17. Rxd5 Rad8 18. Bd3 Nb8 19. Bh7+ Kh8 20. Be4 Qc7 21. Rfd1
Nc6 22. Rxd8 Rxd8 23. Rxd8+ Bxd8 24. Qd2 Bf6 25. Qd5 Qd8 26. Qxd8+ Nxd8 27. b3
Ne6 28. g3 Ng5 29. Nxg5 Bxg5 30. h4 Bc1 31. h5 Kg8 1/2-1/2

[Event "TICF 2024"]
[Site "Famalicao"]
[Date "2024.07.25"]
[Round "4.6"]
[White "Daniel, Campora"]
[Black "Fernando, Ribeiro"]
[Result "1-0"]
[BlackElo "2158"]
[WhiteElo "2351"]
[LiveChessVersion "1.4.8"]

1. e4 c5 2. Nf3 a6 3. c3 Nf6 4. e5 Nd5 5. d4 cxd4 6. Qxd4 e6 7. Bc4 Nc6 8. Qe4 f5
9. Qe2 Nc7 10. O-O b5 11. Bb3 Na5 12. Bc2 Bb7 13. Nbd2 Be7 14. Nb3 Nxb3 15. axb3
O-O 16. b4 Nd5 17. Nd4 g5 18. Rd1 Qe8 19. f3 Kh8 20. Be3 Rg8 21. Rd2 Qh5 22. Nxf5
exf5 23. Bxf5 Raf8 24. Bxd7 Nxe3 25. Qxe3 Rf4 26. Rad1 Rxf3 27. gxf3 Bxf3 28. Rf1
g4 29. Rg2 Bg5 30. Qd4 Qh6 31. e6+ Bf6 32. Qd3 Bd8 33. Rxf3 gxf3 34. Rxg8+ Kxg8
35. Qxf3 Qc1+ 36. Kg2 Qg5+ 37. Qg3 Kf8 38. Qxg5 Bxg5 39. Kf3 Bc1 40. Ke2 Bxb2 41.
Kd2 Ba3 1-0

[Event "TICF 2024"]
[Site "Famalicao"]
[Date "2024.07.25"]
[Round "4.7"]
[White "Zhang, Xin An"]
[Black "Cristian, Silva Lucena"]
[Result "1/2-1/2"]
[BlackElo "2346"]
[WhiteElo "1855"]
[LiveChessVersion "1.4.8"]

1. d4 Nf6 2. Nf3 g6 3. Nbd2 d5 4. e3 Bg7 5. b3 O-O 6. Bb2 a5 7. a4 Bf5 8. Be2 Na6
9. Nh4 Bc8 10. O-O Ne4 11. Nhf3 Bf5 12. Nh4 Bd7 13. Nhf3 Nac5 14. Rb1 Ne6 15.
Nxe4 dxe4 16. Nd2 f5 17. h4 c6 18. c4 Nc7 19. c5 Nd5 20. g3 Bf6 21. Nc4 Kg7 22.
f4 exf3 23. Bxf3 Be6 24. Kg2 Qd7 25. Rh1 h6 26. e4 fxe4 27. Bxe4 Bf5 28. Qd3 Nb4
29. Qe3 Bxe4+ 30. Qxe4 Qd5 31. Qxd5 cxd5 32. Ne3 Rad8 33. Bc3 Nc6 34. Nc2 Rb8 35.
b4 axb4 36. Nxb4 Nxd4 37. Nxd5 Ne6 38. Rhe1 Kf7 39. Rf1 Kg7 40. Rbe1 Bxc3 41.
Rxe6 Rxf1 42. Kxf1 Bd4 43. Rxe7+ Kf8 44. Rh7 Bg7 45. h5 gxh5 46. Ne7 Re8 47. Nf5
Re5 48. Nxg7 Kg8 49. Rxh6 Kxg7 50. Rb6 Rxc5 51. Rxb7+ Kg6 52. Rb6+ Kg7 53. Ra6
Rc2 54. a5 Ra2 55. Ra8 Kh7 56. a6 Kg7 57. a7 Kh7 58. Ke1 Kg7 59. Kd1 Kh7 60. Kc1
h4 61. gxh4 Kg7 62. h5 Kh7 63. h6 Ra5 64. Kb2 Ra4 65. Kb3 Ra1 66. Kc4 Rc1+ 67.
Kd3 1/2-1/2

[Event "TICF 2024"]
[Site "Famalicao"]
[Date "2024.07.25"]
[Round "4.8"]
[White "Jose, Garcia Molina"]
[Black "Monteiro, Paulo"]
[Result "1/2-1/2"]
[BlackElo "2138"]
[WhiteElo "2229"]
[LiveChessVersion "1.4.8"]

1. d4 {[%clk 1:30:37]} d5 {[%clk 1:30:39]} 2. c4 {[%clk 1:30:13]} e6
{[%clk 1:30:57]} 3. Nf3 {[%clk 1:30:32]} Nf6 {[%clk 1:31:12]} 4. g3
{[%clk 1:30:40]} Be7 {[%clk 1:31:25]} 5. Bg2 {[%clk 1:30:48]} O-O
{[%clk 1:31:41]} 6. O-O {[%clk 1:31:11]} c6 {[%clk 1:31:51]} 7. Qc2
{[%clk 1:29:05]} b6 {[%clk 1:30:59]} 8. Rd1 {[%clk 1:29:11]} Nbd7
{[%clk 1:27:27]} 9. Nbd2 {[%clk 1:27:02]} Bb7 {[%clk 1:25:45]} 10. e4
{[%clk 1:16:03]} Rc8 {[%clk 1:19:10]} 11. e5 {[%clk 1:02:35]} Ne8
{[%clk 1:19:16]} 12. b3 {[%clk 1:02:49]} c5 {[%clk 1:10:10]} 13. Bb2
{[%clk 0:59:26]} Nc7 {[%clk 0:59:54]} 14. Rac1 {[%clk 0:54:35]} Na6
{[%clk 0:43:42]} 15. Qb1 {[%clk 0:47:48]} Rc7 {[%clk 0:42:17]} 16. cxd5
{[%clk 0:37:30]} Bxd5 {[%clk 0:41:57]} 17. Bf1 {[%clk 0:37:53]} Nb4
{[%clk 0:37:07]} 18. a3 {[%clk 0:21:57]} Nc6 {[%clk 0:37:20]} 19. Bd3
{[%clk 0:22:24]} h6 {[%clk 0:36:31]} 20. Bc4 {[%clk 0:22:16]} Nxd4
{[%clk 0:23:41]} 21. Nxd4 {[%clk 0:20:54]} cxd4 {[%clk 0:22:15]} 22. Bxd5
{[%clk 0:21:04]} Rxc1 {[%clk 0:20:34]} 23. Rxc1 {[%clk 0:21:04]} exd5
{[%clk 0:20:57]} 24. Nf3 {[%clk 0:21:24]} d3 {[%clk 0:16:47]} 25. b4
{[%clk 0:17:51]} f6 {[%clk 0:13:53]} 26. Qxd3 {[%clk 0:06:13]} Nxe5
{[%clk 0:14:09]} 27. Nxe5 {[%clk 0:06:25]} fxe5 {[%clk 0:14:33]} 28. Bxe5
{[%clk 0:06:49]} Bf6 {[%clk 0:13:55]} 29. Bxf6 {[%clk 0:06:37]} Rxf6
{[%clk 0:14:15]} 30. Rd1 {[%clk 0:05:54]} Rd6 {[%clk 0:14:25]} 31. Qd4
{[%clk 0:06:16]} Qd7 {[%clk 0:13:50]} 32. h4 {[%clk 0:06:28]} Qf5
{[%clk 0:12:00]} 33. Rd3 {[%clk 0:05:58]} Kh8 {[%clk 0:07:53]} 34. b5
{[%clk 0:05:54]} Rd7 {[%clk 0:06:55]} 35. a4 {[%clk 0:05:37]} Qf7
{[%clk 0:05:03]} 36. Qe5 {[%clk 0:05:14]} Re7 {[%clk 0:03:54]} 1/2-1/2

[Event "TICF 2024"]
[Site "Famalicao"]
[Date "2024.07.25"]
[Round "4.9"]
[White "Macedo, Adriano"]
[Black "Pinho, Paulo"]
[Result "1/2-1/2"]
[BlackElo "2116"]
[WhiteElo "1978"]
[LiveChessVersion "1.4.8"]

1. Nf3 Nf6 2. c4 g6 3. b3 Bg7 4. Bb2 O-O 5. g3 d6 6. Bg2 e5 7. O-O Re8 8. d3 Nc6
9. Nbd2 a5 10. a3 h6 11. e3 Bf5 12. e4 Be6 13. d4 Bg4 14. d5 Nd4 15. h3 Nxf3+ 16.
Nxf3 Bd7 17. Qe2 c5 18. dxc6 Bxc6 19. Nd2 Nd7 20. b4 b6 21. h4 h5 22. Rfd1 Nf8
23. Nf3 Ne6 24. Bxe5 axb4 25. Bxg7 Nxg7 26. axb4 Rxa1 27. Rxa1 Bxe4 28. Qd2 Qc7
29. Rc1 Qb7 30. Ne1 Nf5 31. Bh3 Qe7 32. Ng2 Qf6 33. Qf4 Qe5 34. Bxf5 Qxf5 35.
Qxf5 Bxf5 36. Ne3 Be4 37. Rd1 Bf3 38. Rxd6 Ra8 39. g4 hxg4 40. Kh2 Rb8 41. Kg3
Kg7 42. Kf4 Rb7 43. Kg5 Re7 44. Rxb6 Re4 45. b5 g3 46. fxg3 Rxe3 47. Kf4 Rc3 48.
c5 Bg2 49. c6 f6 50. Rb7+ Kh6 51. g4 Rf3+ 52. Ke4 f5+ 53. gxf5 Rxf5+ 54. Ke3 Rc5
55. Kf4 Bxc6 56. bxc6 1/2-1/2

[Event "TICF 2024"]
[Site "Famalicao"]
[Date "2024.07.25"]
[Round "4.10"]
[White "Gustavo, Ribeiro"]
[Black "Valente, Sofia"]
[Result "1-0"]
[BlackElo "1857"]
[WhiteElo "2256"]
[LiveChessVersion "1.4.8"]

1. e4 {[%clk 1:30:51]} c5 {[%clk 1:29:07]} 2. Nf3 {[%clk 1:30:57]} Nc6
{[%clk 1:29:27]} 3. c3 {[%clk 1:31:15]} Nf6 {[%clk 1:28:08]} 4. e5
{[%clk 1:31:35]} Nd5 {[%clk 1:28:27]} 5. d4 {[%clk 1:32:03]} cxd4
{[%clk 1:28:34]} 6. Bc4 {[%clk 1:32:26]} e6 {[%clk 1:24:28]} 7. cxd4
{[%clk 1:32:42]} d6 {[%clk 1:24:31]} 8. Bg5 {[%clk 1:29:05]} Be7 {[%clk 1:23:46]}
9. Bxe7 {[%clk 1:29:12]} Qxe7 {[%clk 1:22:53]} 10. O-O {[%clk 1:29:36]} O-O
{[%clk 1:22:39]} 11. Nbd2 {[%clk 1:27:20]} dxe5 {[%clk 1:22:08]} 12. dxe5
{[%clk 1:27:34]} Rd8 {[%clk 1:19:23]} 13. Qe2 {[%clk 1:24:06]} Qc7
{[%clk 1:16:10]} 14. Qe4 {[%clk 1:21:27]} h6 {[%clk 1:15:24]} 15. Bd3
{[%clk 1:20:36]} g6 {[%clk 1:12:53]} 16. Rac1 {[%clk 1:20:31]} Bd7
{[%clk 1:03:16]} 17. Qh4 {[%clk 1:15:57]} Kg7 {[%clk 1:01:25]} 18. Be4
{[%clk 1:14:14]} Be8 {[%clk 0:59:50]} 19. Nc4 {[%clk 1:13:05]} Qe7
{[%clk 0:56:52]} 20. Qxe7 {[%clk 1:13:01]} Ncxe7 {[%clk 0:57:01]} 21. Nd6
{[%clk 1:13:06]} Bc6 {[%clk 0:56:34]} 22. Nd4 {[%clk 1:13:31]} g5
{[%clk 0:50:10]} 23. Rc5 {[%clk 1:10:22]} Rab8 {[%clk 0:39:32]} 24. Bxd5
{[%clk 1:04:23]} Nxd5 {[%clk 0:38:10]} 25. Rxc6 {[%clk 1:02:37]} bxc6
{[%clk 0:38:06]} 26. Nxc6 {[%clk 1:02:56]} Rf8 {[%clk 0:36:58]} 27. Nxb8
{[%clk 1:03:01]} Rxb8 {[%clk 0:37:16]} 28. b3 {[%clk 1:02:22]} Nb4
{[%clk 0:37:04]} 29. f4 {[%clk 1:02:39]} Rf8 {[%clk 0:36:38]} 30. fxg5
{[%clk 1:00:20]} hxg5 {[%clk 0:36:48]} 31. Ne4 {[%clk 1:00:48]} Nd3
{[%clk 0:36:43]} 32. Nxg5 {[%clk 1:00:43]} Nxe5 {[%clk 0:37:00]} 33. Re1
{[%clk 1:01:00]} Nc6 {[%clk 0:35:23]} 34. Rc1 {[%clk 1:01:02]} Nb4
{[%clk 0:34:51]} 35. a3 {[%clk 1:01:06]} Nd5 {[%clk 0:35:03]} 36. Ne4
{[%clk 0:57:43]} Rd8 {[%clk 0:33:46]} 37. Kf2 {[%clk 0:56:46]} Kg6
{[%clk 0:28:55]} 38. Rc5 {[%clk 0:54:14]} f5 {[%clk 0:27:54]} 39. Nc3
{[%clk 0:52:30]} Nf6 {[%clk 0:26:07]} 40. Rc6 {[%clk 0:51:29]} Ng4+
{[%clk 0:24:21]} 41. Ke2 {[%clk 0:51:52]} Kf6 {[%clk 0:24:18]} 42. h3
{[%clk 0:51:32]} Ne5 {[%clk 0:24:13]} 43. Rc7 {[%clk 0:51:53]} Rg8
{[%clk 0:23:36]} 44. Kf1 {[%clk 0:51:35]} Rg3 {[%clk 0:23:28]} 45. b4
{[%clk 0:50:43]} a6 {[%clk 0:22:55]} 46. a4 {[%clk 0:49:45]} Rd3 {[%clk 0:18:37]}
47. b5 {[%clk 0:47:48]} axb5 {[%clk 0:18:20]} 48. axb5 {[%clk 0:47:43]} Rd4
{[%clk 0:18:07]} 49. b6 {[%clk 0:46:11]} Rb4 {[%clk 0:18:03]} 50. b7
{[%clk 0:46:39]} Nf7 {[%clk 0:17:51]} 51. Na4 {[%clk 0:47:02]} Nd6
{[%clk 0:17:37]} 52. Nc5 {[%clk 0:47:19]} Kg6 {[%clk 0:16:00]} 53. Rd7
{[%clk 0:47:29]} Rb1+ {[%clk 0:14:57]} 54. Ke2 {[%clk 0:46:48]} Rb2+
{[%clk 0:14:41]} 55. Kf3 {[%clk 0:46:58]} Nc4 {[%clk 0:13:53]} 56. Rd8
{[%clk 0:47:22]} Ne5+ {[%clk 0:13:29]} 57. Kg3 {[%clk 0:47:44]} Nc6
{[%clk 0:13:06]} 58. Rc8 {[%clk 0:47:48]} f4+ {[%clk 0:12:58]} 59. Kxf4
{[%clk 0:48:03]} e5+ {[%clk 0:12:15]} 60. Ke4 1-0

[Event "TICF 2024"]
[Site "Famalicao"]
[Date "2024.07.25"]
[Round "4.11"]
[White "Jose, Santos"]
[Black "Goncalves, Samuel"]
[Result "0-1"]
[BlackElo "2209"]
[WhiteElo "1890"]
[LiveChessVersion "1.4.8"]

1. e4 {[%clk 1:30:57]} c5 {[%clk 1:30:43]} 2. Nf3 {[%clk 1:31:09]} e6
{[%clk 1:31:03]} 3. Nc3 {[%clk 1:30:41]} Nc6 {[%clk 1:31:15]} 4. Bc4
{[%clk 1:28:09]} Nf6 {[%clk 1:29:49]} 5. d3 {[%clk 1:28:24]} d5 {[%clk 1:20:38]}
6. exd5 {[%clk 1:28:46]} exd5 {[%clk 1:21:02]} 7. Bb5 {[%clk 1:29:11]} h6
{[%clk 1:21:02]} 8. h3 {[%clk 1:29:30]} Bd6 {[%clk 1:16:29]} 9. O-O
{[%clk 1:29:34]} O-O {[%clk 1:16:46]} 10. d4 {[%clk 1:28:33]} c4 {[%clk 1:14:33]}
11. Bxc6 {[%clk 1:28:53]} bxc6 {[%clk 1:14:56]} 12. Ne2 {[%clk 1:29:10]} Qc7
{[%clk 1:14:32]} 13. Re1 {[%clk 1:28:50]} Bf5 {[%clk 1:13:50]} 14. b3
{[%clk 1:28:58]} Rad8 {[%clk 1:10:39]} 15. Be3 {[%clk 1:24:38]} Ne4
{[%clk 1:06:56]} 16. Nd2 {[%clk 1:22:37]} Rfe8 {[%clk 0:52:05]} 17. bxc4
{[%clk 1:10:54]} dxc4 {[%clk 0:43:32]} 18. Nxe4 {[%clk 1:08:13]} Bxe4
{[%clk 0:43:06]} 19. Nc3 {[%clk 1:08:29]} Bg6 {[%clk 0:36:13]} 20. Qe2
{[%clk 1:07:18]} Bh2+ {[%clk 0:24:03]} 21. Kh1 {[%clk 1:06:51]} Rxd4
{[%clk 0:23:59]} 22. Qf3 {[%clk 1:05:36]} Rh4 {[%clk 0:24:07]} 23. Bc5
{[%clk 0:55:06]} Be5 {[%clk 0:22:47]} 24. Rab1 {[%clk 0:53:16]} Re6
{[%clk 0:20:59]} 25. Rbc1 {[%clk 0:42:51]} Bh5 {[%clk 0:20:22]} 0-1